000 00612nam a2200217 a 4500
008
020 _a0443074569 (pbk.)
049 _aMAIN
090 _aREF R123
_bPOC
100 1 _aHutton, Andrew R.
245 1 0 _aPocket medical terminology /
_cAndrew R. Hutton.
260 _aEdinburgh :
_bChurchill livingstone,
_c2004.
300 _ax, 383 p :
_bill. ;
_c11 cm.
650 _aTerminology.
650 _aMedicine
_xteminology.
907 _a.b10259739
_b28-10-13
_c15-01-09
003
005 20230120191429.0
040 _cNUST
942 _cBOOKS
_kREF R123
_mPOC
999 _c101008
_d101008